Kate trivia quiz - Statistics

General Stats
  • This quiz has been taken 2 times
  • The average score is 13 of 15
Answer Stats
Hint Answer % Correct
middle name anne
100%
favorite board game chess
100%
my previous major computer science
100%
favorite musician elliot smith
100%
my majors english and film
100%
favorite color shade forest
100%
favorite color green
100%
favorite country italy
100%
favorite video game franchise resident evil
100%
favorite season spring
100%
dietary restrictions vegetarian
100%
awesomest guy ever will
100%
favorite pianist chopin
50%
health risks low iron
50%
favorite author tolstoy
0%
No matching quizzes found
Score Distribution
Percent of People with Each Score
Percentile by Number Answered
Your Score History
You have not taken this quiz